Impact of prenatal/early infancy home visitation on family health

Guardado en:  
Detalles Bibliográficos
Autor principal: Campbell, Thomas L. (Autor)
Tipo de documento: Electrónico Artículo
Lenguaje:Inglés
Publicado: 1994
En: Family systems medicine
Año: 1994, Volumen: 12, Número: 1, Páginas: 81-85
Acceso en línea: Volltext (lizenzpflichtig)
Verificar disponibilidad: HBZ Gateway

MARC

LEADER 00000caa a22000002c 4500
001 1912584212
003 DE-627
005 20250126055015.0
007 cr uuu---uuuuu
008 241217s1994 xx |||||o 00| ||eng c
024 7 |a 10.1037/h0089193  |2 doi 
035 |a (DE-627)1912584212 
035 |a (DE-599)KXP1912584212 
040 |a DE-627  |b ger  |c DE-627  |e rda 
041 |a eng 
084 |a 2,1  |2 ssgn 
100 1 |a Campbell, Thomas L.  |e VerfasserIn  |4 aut 
245 1 0 |a Impact of prenatal/early infancy home visitation on family health 
264 1 |c 1994 
336 |a Text  |b txt  |2 rdacontent 
337 |a Computermedien  |b c  |2 rdamedia 
338 |a Online-Ressource  |b cr  |2 rdacarrier 
773 0 8 |i Enthalten in  |t Family systems medicine  |d [Erscheinungsort nicht ermittelbar] : Ovid, 1983  |g 12(1994), 1, Seite 81-85  |h Online-Ressource  |w (DE-627)62425318X  |w (DE-600)2548999-9  |w (DE-576)343621762  |7 nnas 
773 1 8 |g volume:12  |g year:1994  |g number:1  |g pages:81-85 
787 0 8 |i Forschungsdaten  |a Olds, David L.  |t Official Crime Rates of Participants in Trials of the Nurse-Family Partnership, Denver, Elmira, New York, and Memphis, 1977-2005  |d [Erscheinungsort nicht ermittelbar] : [Verlag nicht ermittelbar], 2018  |w (DE-627)1840039191 
856 4 0 |u https://doi.org/10.1037/h0089193  |x Resolving-System  |z lizenzpflichtig  |3 Volltext  |7 1 
935 |a mkri 
951 |a AR 
ELC |a 1 
LOK |0 000 xxxxxcx a22 zn 4500 
LOK |0 001 463754971X 
LOK |0 003 DE-627 
LOK |0 004 1912584212 
LOK |0 005 20241217044553 
LOK |0 008 241217||||||||||||||||ger||||||| 
LOK |0 035   |a (DE-2619)ICPSR148911 
LOK |0 040   |a DE-2619  |c DE-627  |d DE-2619 
LOK |0 092   |o n 
LOK |0 852   |a DE-2619 
LOK |0 852 1  |9 00 
LOK |0 935   |a nacp 
LOK |0 939   |a 17-12-24  |b l01 
ORI |a SA-MARC-krimdoka001.raw